قصّہ مہرا فروز و دلبر / (Record no. 108007)

MARC details
000 -LEADER
fixed length control field 00956nam a22002657a 4500
005 - DATE AND TIME OF LATEST TRANSACTION
control field 20170123162334.0
010 ## - LIBRARY OF CONGRESS CONTROL NUMBER
LC control number A-353881
020 ## - INTERNATIONAL STANDARD BOOK NUMBER
Terms of availability 50.00
035 ## - SYSTEM CONTROL NUMBER
System control number A-353881
037 ## - SOURCE OF ACQUISITION
Source of stock number/acquisition Cen Lib/Ret
040 ## - CATALOGING SOURCE
Original cataloging agency DPL
Language of cataloging UR
082 ## - DEWEY DECIMAL CLASSIFICATION NUMBER
Classification number ن
Item number ع ی س
100 ## - MAIN ENTRY--PERSONAL NAME
Personal name عیسوی خان بہادر
9 (RLIN) 109505
245 ## - TITLE STATEMENT
Title قصّہ مہرا فروز و دلبر /
Statement of responsibility, etc عیسوی خان بہادر ؛ مترتب مسعود حسین خان
246 ## - VARYING FORM OF TITLE
Title proper/short title Qissa mahra afrooz va dilbar /
Remainder of title by Isvi Khan Bahadur ; edited by Masood Husain Khan
260 ## - PUBLICATION, DISTRIBUTION, ETC. (IMPRINT)
Place of publication, distribution, etc نیی دہلی
Name of publisher, distributor, etc انجمن ترقی اردو
Date of publication, distribution, etc 1988
270 ## - ADDRESS
City نیی دہلی
Address اردو گھر ریواز ایونیو
300 ## - PHYSICAL DESCRIPTION
Extent 205p.
Dimensions 21cm(Hb)
650 ## - SUBJECT ADDED ENTRY--TOPICAL TERM
Topical term or geographic name as entry element اردو ادب
9 (RLIN) 123223
650 ## - SUBJECT ADDED ENTRY--TOPICAL TERM
Topical term or geographic name as entry element اردو ناول
9 (RLIN) 547
650 ## - SUBJECT ADDED ENTRY--TOPICAL TERM
Topical term or geographic name as entry element Urdu literature
9 (RLIN) 123224
650 ## - SUBJECT ADDED ENTRY--TOPICAL TERM
Topical term or geographic name as entry element Urdu novel
9 (RLIN) 123225
700 ## - ADDED ENTRY--PERSONAL NAME
Personal name مسعود حسین خان
9 (RLIN) 123226
942 ## - ADDED ENTRY ELEMENTS (KOHA)
Source of classification or shelving scheme Dewey Decimal Classification
Koha item type Urdu Bks
Classification part ن
Call number suffix ع ی س
Holdings
Withdrawn status Lost status Damaged status Not for loan Home library Current library Date acquired Source of acquisition Cost, normal purchase price Total Checkouts Full call number Barcode Date last seen Copy number Cost, replacement price Price effective from Koha item type
        Central Library Central Library 13/01/2016 Cen Lib/Ret 50.00   ن ع ی س A-353881 13/01/2016 1 50.00 13/01/2016 Urdu Bks

© Delhi Public Library
Hit Counter
free hit counter